000
00219nam a22000857a 4500
008
160630b xxu||||| |||| 00| 0 eng d
100
_9
1452
_a
Arya Publications
245
_a
Disaster Management - X
260
_a
N.D
_b
Arya
_c
2005
999
_c
1200
_d
1200